000 00562nam a2200193Ia 4500
003 GCL
008 140319s9999 xx 000 0 ara d
040 _aGCL /
_cGCL
082 0 4 _aط
_b813.02
_bع ح
100 1 _aعبدالتواب يوسف
245 1 0 _aحق الطريق /
_cعبدالتواب يوسف
700 1 _aيحيى عبده
490 _aالهيئة العامة للاستعلامات
_v0
650 0 4 _aالاطفال
650 0 4 _aقصص الاطفال
650 0 4 _aادب الاطفال
650 0 4 _aالاقصوصة
942 _2ddc
_cBK
999 _c51165
_d51165